000 01062nam a2200301 a 4500
001 000027583
003 DO-SdBNP
005 20250131164234.0
007 ta
008 110401s1984 dr a 000 0 spa d
040 _aDO-SdBNP
_bspa
_cBNPHU
082 4 _a332.152
_bS489f, 1984
_222
100 1 _aSerulle, José
_923000
245 1 0 _aFondo Monetario Internacional :
_bcapital financiero -crisis mundial /
_cJosé Serullie, Jacqueline Boin.
250 _a3a ed.
260 _aSanto Domingo :
_bGramil,
_c1984.
300 _a509 p. :
_bil. ;
_c21 cm.
500 _aIncluye índice
590 _aInventariado, 2018/MFF
650 4 _aFondo monetario internacional
_xHistoria
_97304
650 4 _aInstituciones financieras internacionales
_97305
650 0 _aFinanzas internacionales
_97882
650 4 _aFondo monetario internacional
_vCogresos, conferencias, etc.
_97883
651 4 _aPaíses en desarrollo
_xRelaciones económicas exteriores
_97884
700 1 _aBoin, Jacqueline
_97799
910 _aValidado. Control de calidad MFF
942 _2ddc
_cLBS1
999 _c27075
_d27075